El conejo de felpa / (Registro nro. 10969)
[ vista simple ]
| 000 -LEADER | |
|---|---|
| fixed length control field | 00669nam a2200217Ia 4500 |
| 003 - CONTROL NUMBER IDENTIFIER | |
| control field | OSt |
| 005 - DATE AND TIME OF LATEST TRANSACTION | |
| control field | 20231127230425.0 |
| 008 - FIXED-LENGTH DATA ELEMENTS--GENERAL INFORMATION | |
| fixed length control field | 210310s9999 xx 000 0 und d |
| 020 ## - INTERNATIONAL STANDARD BOOK NUMBER | |
| International Standard Book Number | 978-958-8860-33-6 |
| 040 ## - CATALOGING SOURCE | |
| Transcribing agency | CO-JMCR |
| 082 ## - DEWEY DECIMAL CLASSIFICATION NUMBER | |
| Classification number | C / |
| Item number | WILc1 |
| 100 ## - MAIN ENTRY--PERSONAL NAME | |
| Personal name | Williams, Margery |
| 9 (RLIN) | 18116 |
| 245 #0 - TITLE STATEMENT | |
| Title | El conejo de felpa / |
| Statement of responsibility, etc. | Margery Williams |
| 260 ## - PUBLICATION, DISTRIBUTION, ETC. | |
| Date of publication, distribution, etc. | #N/A |
| 300 ## - PHYSICAL DESCRIPTION | |
| Other physical details | 77 páginas : ilustraciones a blanco y negro ; 20 cm |
| 440 ## - SERIES STATEMENT/ADDED ENTRY--TITLE | |
| Title | 0 |
| 9 (RLIN) | 24225 |
| 500 ## - GENERAL NOTE | |
| General note | Edición especial. Colección para la Primera Infancia del Ministerio de Cultura, Plan Nacional de Lectura y Escritura es mi cuento. |
| 505 ## - FORMATTED CONTENTS NOTE | |
| Formatted contents note | 0 |
| 650 ## - SUBJECT ADDED ENTRY--TOPICAL TERM | |
| Topical term or geographic name entry element | 0 |
| 9 (RLIN) | 24226 |
| 942 ## - ADDED ENTRY ELEMENTS (KOHA) | |
| Source of classification or shelving scheme | Dewey Decimal Classification |
| Koha item type | Books |
| Withdrawn status | Lost status | Source of classification or shelving scheme | Damaged status | Not for loan | Home library | Current library | Date acquired | Total Checkouts | Full call number | Barcode | Date last seen | Date last checked out | Copy number | Price effective from | Koha item type |
|---|---|---|---|---|---|---|---|---|---|---|---|---|---|---|---|
| Dewey Decimal Classification | Biblioteca Pública José María del Castillo y Rada | Biblioteca Pública José María del Castillo y Rada | 03/10/2021 | 3 | C / WILc1 | 201808070 | 08/20/2025 | 08/19/2025 | Ej. 1 | 03/10/2021 | Books |